Statistics for Canadian Geography

Click here to take the quiz!

General Stats

  • This quiz has been taken 108 times
  • The average score is 11 of 15

Answer Stats

HintAnswer% Correct
TorontoOntario
99%
EdmontonAlberta
90%
HalifaxNova Scotia
88%
OttawaOntario
83%
WinnipegManitoba
80%
VictoriaBritish Columbia
76%
WhitehorseYukon
76%
SaskatoonSaskatchewan
68%
YellowknifeNorthwest Territories
67%
WindsorOntario
61%
CharlettetonPrince Edward Island
61%
IqaluitNunavut
59%
DawsonYukon
53%
New GlascowNova Scotia
48%
KelownaBritish Columbia
47%

Score Distribution

Percentile by Number Answered

Percent of People with Each Score

Your Score History

You have not taken this quiz